Guess the Movie by Poster - Part II - Statistics

General Stats
  • This quiz has been taken 3 times
  • The average score is 1 of 12
Answer Stats
Picture Hint Answer % Correct
Al Pacino (1983) Scarface
67%
Chris Sharma (2007) King Lines
33%
Graham Chapman (1979) Life of Brian
33%
Tsuyoshi Kusanagi (2011) 1778 Stories of Me and My Wife
0%
Arnold Vosloo (2006) Lasko - Death Train
0%
Armin Mueller-Stahl (2008) Local Color
0%
Gene Evans (1952) Park Row
0%
Didi Conn (1976) Raggedy Ann & Andy: A Musical Adventure
0%
Maria Zorba (2001) Save Me
0%
Wesley Snipes (2006) The Detonator
0%
Miroslav Krobot (2007) The Man from London
0%
Conrad Veidt (1939) The Spy in Black
0%
No matching quizzes found
Score Distribution
Percent of People with Each Score
Percentile by Number Answered
Your Score History
You have not taken this quiz